| 000 | 004690000a22001690004500 | ||
|---|---|---|---|
| 003 | MACL | ||
| 005 | 20160107160142.0 | ||
| 008 | 160107b xxu||||| |||| 00| 0 eng d | ||
| 040 |
_aMACL _cMACL |
||
| 041 | _aEnglish | ||
| 082 | _a891.24/ARN | ||
| 100 |
_aArnold, Sir Edwin _929330 |
||
| 245 |
_aThe book of Good Counsels _bfrom the sanskrit of the Hitopadesa |
||
| 260 |
_bJohn Grant _aEdinburgb |
||
| 650 |
_aSanskrit Literature _929331 |
||
| 942 |
_cBK _k891.24/ARN _2ddc |
||
| 999 |
_c36458 _d36458 |
||